K niektorým vplyvom priamych zahraničných investícií na rast konkurencieschopnosti národnej ekonomiky
Globalizácia zasahuje všetky odvetvia svetového aj národného hospodárstva. Proces liberalizácie priamych zahraničných investícií (PZI) vo svetovej ekonomike dynamicky napreduje. Význam a rozšírenie PZI. Ťažiskové činitele, ktoré prispievali k získavaniu zahraničných investorov. Účinky PZI na zvýšeni...
Salvato in:
| Autore principale: | |
|---|---|
| Altri autori: | |
| Natura: | Capitolo di libro |
| Lingua: | slovacco |
| Soggetti: | |
| Tags: |
Nessun Tag, puoi essere il primo ad aggiungerne!!
|
MARC
| LEADER | 00000naa$a2200000$$$4500 | ||
|---|---|---|---|
| 001 | 0052019 | ||
| 005 | 20221207085433.9 | ||
| 041 | 0 | |a slo | |
| 044 | |a SK | ||
| 245 | 1 | 0 | |a K niektorým vplyvom priamych zahraničných investícií na rast konkurencieschopnosti národnej ekonomiky |c Elena Trenčianska, Ľudovít Francl |
| 520 | |a Globalizácia zasahuje všetky odvetvia svetového aj národného hospodárstva. Proces liberalizácie priamych zahraničných investícií (PZI) vo svetovej ekonomike dynamicky napreduje. Význam a rozšírenie PZI. Ťažiskové činitele, ktoré prispievali k získavaniu zahraničných investorov. Účinky PZI na zvýšenie produktivity v podnikoch. Vplyv PZI na stratu národnej suverenity krajiny. | ||
| 610 | 2 | 0 | |a investície priame zahraničné |
| 610 | 2 | 0 | |a globalizácia |
| 610 | 2 | 0 | |a stratégia hospodárska |
| 610 | 2 | 0 | |a podnik spoločný |
| 610 | 2 | 0 | |a produktivita |
| 610 | 2 | 0 | |a konkurencieschopnosť |
| 610 | 2 | 0 | |a Európska únia |
| 100 | 1 | |a Trenčianska, Elena | |
| 700 | 1 | |a Francl, Ľudovít | |